000 00442nam a2200145Ia 4500
008 090124s9999 xx 000 0 und d
082 _b134660
245 _a कथा ज्ञानदेवांची
250 _a1
260 _bभारद्वाज व.सु.
_c2006
300 _a80
630 _a कथा ज्ञानदेवांची
730 _a कथा ज्ञानदेवांची
942 _cBOOK
999 _c194012
_d194012